Nejlepší marketing? Spokojený zaměstnanec

Prostredie firmy a tmosféra vo firme je pre zamestnancov veľmi dôležitá. Firemná klíma sa zásadným spôsobom podieľa na tom, akú povesť má zamestnávateľ. Intenzívna komunikácia vo firme je nutnosťou.

Na minha lista:
Detalhes bibliográficos
Autor principal: Ott, Petr
Formato: Capítulo de Livro
Idioma:tcheco
Assuntos:
Tags: Adicionar Tag
Sem tags, seja o primeiro a adicionar uma tag!

MARC

LEADER 00000naa a2200000 4500
001 0224353
005 20231113135226.2
041 0 |a cze 
044 |a CZ 
245 1 0 |a Nejlepší marketing? Spokojený zaměstnanec  |c Petr Ott 
520 |a Prostredie firmy a tmosféra vo firme je pre zamestnancov veľmi dôležitá. Firemná klíma sa zásadným spôsobom podieľa na tom, akú povesť má zamestnávateľ. Intenzívna komunikácia vo firme je nutnosťou. 
610 2 0 |a firmy 
610 2 0 |a klíma podniková 
610 2 0 |a práca 
610 2 0 |a flexibilita 
610 2 0 |a komunikácia firemná 
100 1 |a Ott, Petr